Statistics for Country Flag-Shape Picture Quiz #5

Click here to take the quiz!

General Stats

  • This quiz has been taken 10,880 times
    (9,782 since last reset)
  • The average score is 13 of 16

Answer Stats

Answer% Correct
Germany
99%
Turkey
98%
Belgium
92%
Somalia
88%
Algeria
87%
Venezuela
86%
Serbia
85%
Philippines
85%
Qatar
84%
Angola
81%
Haiti
77%
Costa Rica
75%
Monaco
72%
Zambia
70%
Oman
66%
Belize
63%

Score Distribution

Percentile by Number Answered

Percent of People with Each Score

Your Score History

You have not taken this quiz since the last reset